书目信息 |
| 题名: |
买不得
|
|
| 作者: | 渡边雄二 , 船濑俊介 著 ;李建华 , 暴凤明 译 | |
| 分册: | ||
| 出版信息: | 北京 世界知识出版社 2005 |
|
| 页数: | 10,200页 | |
| 开本: | 21cm | |
| 丛书名: | ||
| 单 册: | ||
| 中图分类: | R194.7 | |
| 科图分类: | ||
| 主题词: | 日用品--商品卫生--基本知识 | |
| 电子资源: | ||
| ISBN: | 7-5012-2516-8 | |
| 000 | 01104nam0 2200265 450 | |
| 001 | TS2006044685 | |
| 005 | 20070118164554.85 | |
| 010 | @a7-5012-2516-8@dCNY16.00 | |
| 100 | @a20060829d2005 em y0chiy0120 ea | |
| 101 | 1 | @achi@cjpn |
| 102 | @aCN@b110000 | |
| 105 | @ay z 000yy | |
| 200 | 1 | @a买不得@AMai Bu De@e日用商品的健康杀手大曝光@ERi Yong Shang Pin De Jian Kang Sha Shou Da Pu Guang@f(日)船濑俊介,(日)渡边雄二著@F( Ri ) Chuan Lai Jun Jie, ( Ri ) Du Bian Xiong Er Zhu@g李建华,暴凤明译 |
| 210 | @a北京@c世界知识出版社@d2005 | |
| 215 | @a10,200页@d21cm | |
| 330 | @a本书警示性地提出商品中充斥的健康杀手,作者将与一般人关系密切的生活用品分为食品、饮料、清洁剂、药品等,揭发其成分对人体的损害。 | |
| 517 | 1 | @a日用商品的健康杀手大曝光@ARi Yong Shang Pin De Jian Kang Sha Shou Da Pu Guang |
| 606 | 0 | @a日用品@x商品卫生@y基本知识 |
| 690 | @aR194.7@v4 | |
| 701 | 0 | @a渡边雄二@ADu Bian Xiong Er@4著 |
| 701 | 0 | @a船濑俊介@AChuan Lai Jun Jie@4著 |
| 702 | 0 | @a李建华@ALi Jian Hua@4译 |
| 702 | 0 | @a暴凤明@ABao Feng Ming@4译 |
| 801 | 0 | @aCN@b中图数据@c20070118 |
| 905 | @a10447@dR194.7@e144 | |
| 买不得:日用商品的健康杀手大曝光/(日)船濑俊介,(日)渡边雄二著/李建华,暴凤明译.-北京:世界知识出版社,2005 |
| 10,200页;21cm |
| ISBN 7-5012-2516-8:CNY16.00 |
| 本书警示性地提出商品中充斥的健康杀手,作者将与一般人关系密切的生活用品分为食品、饮料、清洁剂、药品等,揭发其成分对人体的损害。 |
| ● |
| 相关链接 |
|
|
|
|
正题名:买不得
索取号:R194.7/144
 
预约/预借
| 序号 | 登录号 | 条形码 | 馆藏地/架位号 | 状态 | 备注 |
| 1 | 0614060 | 206140601 | 第二样本阅览室/ [索取号:R194.7/144] | 在馆 | |
| 2 | 0614061 | 206140610 | 第三借阅区/ [索取号:R194.7/144] | 在馆 | |
| 3 | 0614062 | 206140629 | 第三借阅区/ [索取号:R194.7/144] | 在馆 |